000 00894nam a2200241 a 4500
999 _c348896
_d348896
003 BLK
005 20250324100527.0
008 200305b bu ||||| |||| 00| 0 bu d
020 _a9789542830931
040 _aBLK
041 _aBUL
_cBUL
080 _aАмериканска литература (на САЩ)
_b821.111(73)
_x-31
_z821.111(73)-31
100 _aРос, Ребека
_eпърви автор
_91299
139 _aРос, Ребека
_bР 85
245 _aТриумфът на кралицата
_cРебека Рос ; прев. от англ. Деница Райкова
260 _9219755
_aСофия
_bСиела
_c2019
_f"Алианс Принт" ЕООД
300 _a423 с.
_c22 см
380 _aX
700 _91021
_aРайкова, Деница
_eпрев. от англ.
942 _cKNG
_n0
_s1
_015
944 _aCR
_c2020-03-05
_lЦветомила Тодорова
_k30576
999 _d348896